00992nam a2200181Ia 450000500170000000800410001702000180005805000210007610000370009724500580013426000340019230000180022650001800024450000630042450502610048765000310074865000310077920231102151113.0120626s2009 mx 000 0 spa d a978849265002614aHD62.7bR35 2009 aRamírez G., Juan Carloseautor10aPYMES más competitivasc / Juan Carlos Ramírez G. aEspañab : Starbookc, 2009 a129 páginas aPublicado anteriormente como: PYMES más competitivas : ¿cómo pueden afrontar con éxito las pequeñas y medianas empresas el agresivo mundo globalizado de los negocios? aIncluye: Índice Epilógo Agradecimientos Introducción2 aCreer en sueños y volverlos realidad Construir empresas sensibles a los clientes Arriesgarse a ser diferentes Focalizarse Encontrar el equilibrio para crecer Adoptar el triángulo de la felicidad empresarial Desarrollar una gran capacidad de aprendizaje10aEMPRESASxADMINISTRACIÓN10aCOMPETITIVIDAD EMPRESARIAL